Регионална библиотека "Любен Каравелов" - Русе

Правец (Запис номер 375966)

MARC детайли
000 -Лидер
Контролно поле с фиксирана дължина nkm a22 a 4500
003 - Код на организацията, давaща контролен номер
Контролно поле BLK
005 - Дата и час на последна редакция
Контролно поле 20201007040901.0
008 - Елементи от данни с фиксирана дължина
fixed length control field 200720b bu ||||| |||| 00| 0 bu d
040 ## - Източник на каталожния запис
Идентификатор на билиотеката - собственик на записа BLK
041 ## - Код за език
Код за езика на текст/звукозапис или на отделно заглавие Български
Код за езика КДБФ Български
080 ## - УДК
Текстов определител УДК Краезнание
УДК код - определител по УДК 908
УДК определител (497.22)(084.12)
УДК - код + определител 908(497.22)(084.12)
100 ## - Редна дума - Автор
Автор Борисова, Таня
Авторска отговорност първи автор
R(LIN) 1299
245 ## - Сведения за заглавието
Заглавие Правец
Подзаглавни данни албум
Редно поле (дума) Таня Борисова ; състав. Таня Борисова, Трайчо Велчев ; ред. Йорданка Кирилова ; фотогр. Милко Кожухаров и др.
257 ## - Страна на издаване
Страна на създаване/издаване България
260 ## - Област на издателските данни
9 (RLIN) 210539
Място на издаване, разпространение и проч. София
Име на издателя, разпространителя и проч. Септември
Година на издаване 1987
Издателство - префикс ISBN 954-406-
300 ## - Физическа характеристика
Страници 108 с.
Илюстрации и др. с ил.
Размери/Мащаб 19 x 21см
380 ## - Жанр
Жанр История
500 ## - Общи забележки
Забележка Името на авт. е отбелязано в библиогр. каре. - Друго парал. загл.: Prawez.- Други фотогр.: М. Минчев, Р. Марукян, Ив. Цонев. - Парал. текст на рус., англ., нем. ез. - 5 116 тир.
653 #7 - Ключова дума – ненормативна
9 (RLIN) 194301
Ключова дума Правец
700 ## - Други автори (авторска отговорност)
9 (RLIN) 1478
Лично име Велчев, Трайчо
Автороска отговорност (Описва отношението между автора и произведението) състав.
700 ## - Други автори (авторска отговорност)
9 (RLIN) 387102
Лично име Кирилова, Йорданка
Автороска отговорност (Описва отношението между автора и произведението) ред.
700 ## - Други автори (авторска отговорност)
9 (RLIN) 1631
Лично име Кожухаров, Милко
Автороска отговорност (Описва отношението между автора и произведението) фотогр.
852 ## - Местоположение
Форматна сигнатура Цб І 38534
999 ## - СИСТЕМНИ КОНТРОЛНИ НОМЕРА
Koha biblionumber 375966
Koha biblioitemnumber 375966
942 ## - АРТИКУЛИ
Вид на библиотечния материал Книги
Скрит в OPAC Не
Периодичен библиозапис Да
944 ## - СЪЗДАВАНЕ И РЕДАКЦИЯ на ЗАПИСА
Създаване/Редакция Създаване
Дата на регистрацията/редакция 2020-07-20
Служител, извършил регистрацията/редакцията Валя Йорданова
Наличности
Код за отписване Код за изгубен артикул Източник на класификационната схема Код за повреда Коз за рестрикции Код за отдаване Артикулен № Име на библиотеката - собственик Име на библиотеката, в която се намира в момента Статус (Текущо местоположение) Дата на вписване в системата Местоположение - отдел Цена в лева Инвентарен номер Систематично азбучна сигнатура Баркод Цена в евро Служебен тип на артикула
  Не е изгубен Universal Decimal Classification Не е повреден без рестрикции ползва се в читалня 784994 Регионална библиотека "Любен Каравелов" Русе Регионална библиотека "Любен Каравелов" Русе Хранилище 2020-07-21 Хранилище 5.07 476496 Цб І 38534 120000476496 2.59 Книги
Vip Innovations Ltd, Rousse, Bulgaria 2025